Ukrainians - Sudden Death - Statistics

General Stats
  • This quiz has been taken 175 times
  • The average score is 8 of 16
Answers on the Grid
Answers color-coded by a green-red scale on the quiz's grid according to % correct below.
Volodymyr Zelenskyy
Stepan Bandera
Grigori Rasputin
Anton Chekhov
Sergey Bubka
Andriy Shevchenko
Wladimir Klitschko
Pavel Durov
Oleksandr Usyk
Verka Serduchka
Ruslana
Mikhail Lomonosov
Valeri Kharlamov
Yulia Tymoshenko
Sergei Rachmaninoff
Taras Shevchenko
Boris Nemtsov
Mikhail Bakunin
Daniil Kvyat
Valerii Zaluzhnyi
Roman Abramovich
Pavel Bure
Andriy Yarmolenko
Viktor Yushchenko
Nestor Makhno
Valentina Tereshkova
Petro Poroshenko
Oksana Baiul
Maxim Gorky
Georgy Zhukov
 
Answer Stats
Answer % Correct
Volodymyr Zelenskyy
97%
Andriy Shevchenko
76%
Wladimir Klitschko
67%
Taras Shevchenko
61%
Yulia Tymoshenko
60%
Viktor Yushchenko
55%
Andriy Yarmolenko
53%
Oleksandr Usyk
53%
Stepan Bandera
51%
Petro Poroshenko
50%
Ruslana
46%
Valerii Zaluzhnyi
43%
Verka Serduchka
41%
Sergey Bubka
38%
Nestor Makhno
33%
Oksana Baiul
23%
No matching quizzes found
Score Distribution
Percent of People with Each Score
Percentile by Number Answered
Your Score History
You have not taken this quiz